000 00928nam a2200337 c 4500
001 2434
003 DO-SdBNP
005 20231004131651.0
007 2434
008 120730s2011 mx| 000 f spa
015 _a
017 _a
_b
020 _a9786071110688
035 _a
040 _aBPMSU
_bspa
_cBPMSU
_e
080 _a
082 4 _aCo863.6
_bV335r 2011
_222
100 1 _aVásquez, Juan Gabriel,
_d1973-
245 1 3 _aEl ruido de las cosas al caer /
_cJuan Gabriel Vásquez.
250 _a
260 _aMéxico :
_bPunto de Lectura,
_c2011.
300 _a259 p. ;
_c24 cm.
336 _aTexto (visual)
_2isbdcontent
337 _asin mediación
_2isbdmedia
586 _aPremio Alfaguara de Novela, 2011
590 _aInventariado, 2023/VM
650 4 _a Novela colombiana
650 4 _aNarcotráfico
_zColombia
_vNovela
910 _aVMateo V. Control de calidad. BPMSU
942 _2ddc
_cBK
999 _c10467
_d10467